Dalhousie Law Journal

Detalles Bibliográficos
Formato: Revista
Lenguaje:inglés
Publicado: Halifax, NS : Dalhousie University on behalf of the Schulich School of Law, 2011-
Materias:
Acceso en línea:http://www.vlex.com/source/7179

MARC

LEADER 00000nas a22000007a 4500
005 20130315133736.0
007 cr|||| ||||
008 130315c19789999xxcfr|p s|||| 0|||a1eng d
022 |a 3171663  
035 |a 7179 
040 |a 1 Recurso electrn̤ico 
090 |c 3936  |d 3936 
245 0 0 |a Dalhousie Law Journal  |h [Recurso electrn̤ico]  
256 |a Servicio en ln̕ea 
260 |a Halifax, NS :  |b Dalhousie University on behalf of the Schulich School of Law,  |c 2011- 
300 |a 1 Recurso electrn̤ico 
506 |d vLex Global  |d vLex Global (Academic Edition, excluding Law Schools)  |d vLex Global (U.S. Academic Edition, Law Schools)  |d vLex Global (U.S. Academic Edition, excluding Law Schools)  |d vLex Global (Academic Edition, Law Schools) 
650 0 4 |a Derecho laboral y Seguridad Social  |v Revistas  |z Canad̀ 
740 |a vLex Revistas (Servicio en ln̕ea) 
856 |a Acceso restringido  |u http://www.vlex.com/source/7179 
942 |c REV 
999 0 |a Labor law and legislation